000 03452nem2a2200361 4500
001 RU\NLR\DIGIT1\30271
005 20260410193446.0
035 _a(NLR Aleph) 010117537
090 _a9987382
_c9987382
100 _a20051207f1738 u y0rusy50 ca
101 0 _alat
102 _aRU
135 _acrcn 024apabr
200 1 _aVerus Chersonesi Tauricae seu Crimeae conspectus adjacentium item Regionum Itineris quae ab Exercitu Rutheno
_fEditus ex Autographis Carolia Frauendorff Centurionis in Acad. sc. Petropolit
210 _a[Санкт-Петербург]
_c[АН]
_d[1738]
215 _a1 л.
_cГрав. Раскраш. Накл. на полотно
_d46х64 (52,2х69,7)
300 _aМасштаб: [прибл. 1: 900 000]
325 _aКопия доступна в Электрон. б-ке РНБ http://vivaldi.nlr.ru/cm000000281/view
421 0 _12001#$aИзъяснение двух при академии наук грыдорованных операционных карт, из которых одна имеет титул Theatrum Belli &c. или Театр войны, которую императорская Российская армия против турок и татар в 1737 году имела; а другая Verus Chersonesi Tauricae seu Crimeae, то есть Подлинное описание полуострова Крыма с лежащими около его местами, и со учиненными в 1736 и 1737 годах от Российской армии против татар маршами
_tИзъяснение двух при академии наук грыдорованных операционных карт, из которых одна имеет титул Theatrum Belli &c. или Театр войны, которую императорская Российская армия против турок и татар в 1737 году имела; а другая Verus Chersonesi Tauricae seu Crimeae, то есть Подлинное описание полуострова Крыма с лежащими около его местами, и со учиненными в 1736 и 1737 годах от Российской армии против татар маршами
461 0 _1001RU\NLR\DIGIT\30270
_12001#$aVerus Chersonesi Tauricae seu Crimeae conspectus adjacentium item Regionum Itineris quae ab Exercitu Rutheno A° MDCCXXXVI [1736] et MDCCXXXVII[1737] adversus Tattaros suscepti
_99973393
_c[Санкт-Петербург
_d1738]
_feditus ex autographis Carolia Frauendorff centurionis in Acad. Sc. Petropolit.
_nИмператорская Академия наук
_p1 к
_tVerus Chersonesi Tauricae seu Crimeae conspectus adjacentium item regionum itineris quae ab exercitu rutheno A° MDCCXXXVI [1736] et MDCCXXXVII [1737] adversus Tattaros suscepti: Карты
801 2 _aRU
_bNLR
_c2012-02-06
_2rusmarc
852 _aNLR
_jК 1-Укр 2/37
856 0 _uhttp://vivaldi.nlr.ru/cm000000281/view
856 1 _uhttp://vivaldi.nlr.ru/cm000000281/cover
856 2 _uhttp://vivaldi.nlr.ru/cm000000281/text
942 _cMAP
980 _aCRT_CCRP18
980 _aNB
981 4 8 _a(48) Крым: история в документах
981 3 6 _a(36) Цифровой репозиторий РНБ
981 1 9 _a(19) Картографические материалы